000 00660nam a2200181 4500
008 041125s2000 hk chi
020 _a9622445500 :
_cHK46Php236.88
090 _aBV4509.C5
_bT25to
100 1 _aTeng, Philip
245 1 0 _aTo lead a brilliant life {ch} - 20 principles for Christian life and ministry /
_cPhilip Teng, Hau-ling Li.
260 _aHong Kong :
_bChina Alliance Press,
_cc2000.
300 _aviii, 272 p.
650 4 _aChristian life
_xChinese {ch}.
650 4 _aChristianity {ch}.
650 4 _aTheology, Practical {ch}.
700 1 _aLi, Hau-ling
951 _pC-5672
_x00030162
_oBV4509.C5/T25to
_j070613111428593
_d2000-12-21
_cCH
999 _c21913
_d21913